Guess the capital from the photo - Statistics

General Stats
  • This quiz has been taken 104 times
  • The average score is 19 of 36
Answer Stats
Picture Answer % Correct
Paris
97%
Moscow
94%
Washington
94%
Rome
88%
Tokyo
88%
Berlin
84%
Amsterdam
66%
Brasilia
66%
Astana
63%
Athens
59%
Kyiv
56%
Mexico
56%
Bogota
53%
Cairo
53%
Madrid
53%
New Delhi
50%
Tehran
50%
Baku
47%
Belgrade
47%
Helsinki
47%
Beijing
44%
Santiago
44%
Warsaw
44%
Pyongyang
41%
Ulaanbaatar
41%
Canberra
38%
Hanoi
38%
Jakarta
38%
Minsk
38%
Rabat
38%
Addis Ababa
34%
Kinshasa
34%
Nairobi
34%
Seul
34%
Tashkent
34%
Yerevan
34%
No matching quizzes found
Score Distribution
Percent of People with Each Score
Percentile by Number Answered
Your Score History
You have not taken this quiz